[Event "ODJM C 2024"]
[Site "Willingen GER"]
[Date "2024.05.22"]
[Round "5"]
[White "Prokscha, Marlene"]
[Black "Hantke, Karl"]
[Result "0-1"]
[Termination "normal"]
[Board "2"]
[WhiteElo "1230"]
[BlackElo "1555"]
[WhiteClock "00:32:20"]
[BlackClock "01:04:35"]
[PlyCount "88"]
[WhiteFideId "34631291"]
[BlackFideId "34640827"]
[EventCountry "GER"]
[EventRounds "9"]
[EventType "swiss"]
[EventDate "2024.05.18"]

1. e4 {[%clk 01:30:58]} {[%emt 00:00:01]} c5 {[%clk 01:30:56]} {[%emt
00:00:05]} 2. Nc3 {[%clk 01:30:59]} {[%emt 00:00:29]} Nc6 {[%clk 01:31:10]}
{[%emt 00:00:16]} 3. f4 {[%clk 01:31:07]} {[%emt 00:00:22]} e6 {[%clk
01:30:11]} {[%emt 00:01:30]} 4. Nf3 {[%clk 01:29:47]} {[%emt 00:01:49]} Nge7
{[%clk 01:27:14]} {[%emt 00:03:27]} 5. Bc4 {[%clk 01:24:29]} {[%emt 00:05:49]}
a6 {[%clk 01:25:55]} {[%emt 00:01:49]} 6. a4 {[%clk 01:22:04]} {[%emt
00:02:55]} d5 {[%clk 01:24:21]} {[%emt 00:02:03]} 7. exd5 {[%clk 01:21:27]}
{[%emt 00:01:06]} exd5 {[%clk 01:24:34]} {[%emt 00:00:18]} 8. Ba2 {[%emt
00:02:14]} Nb4 {[%clk 01:23:46]} 9. O-O {[%clk 01:19:22]} {[%emt 00:02:08]}
Nxa2 {[%clk 01:23:29]} {[%emt 00:00:48]} 10. Rxa2 {[%clk 01:18:55]} {[%emt
00:00:57]} d4 {[%clk 01:21:24]} {[%emt 00:02:35]} 11. Ne4 {[%clk 01:17:22]}
{[%emt 00:02:02]} Qd5 {[%clk 01:19:54]} {[%emt 00:02:00]} 12. b3 {[%clk
01:09:01]} {[%emt 00:08:51]} Qxe4 {[%clk 01:20:03]} {[%emt 00:00:22]} 13. d3
{[%clk 01:09:11]} {[%emt 00:00:20]} Qd5 {[%clk 01:16:09]} {[%emt 00:04:24]} 14.
Re1 {[%clk 01:05:33]} {[%emt 00:04:08]} Bg4 {[%clk 01:13:40]} {[%emt 00:02:58]}
15. Re5 {[%clk 01:02:06]} {[%emt 00:03:57]} Bxf3 {[%clk 01:12:43]} {[%emt
00:01:27]} 16. Qxf3 {[%clk 01:01:34]} {[%emt 00:01:02]} Qxf3 {[%clk 01:13:02]}
{[%emt 00:00:12]} 17. gxf3 {[%clk 01:01:59]} {[%emt 00:00:04]} b6 {[%clk
01:12:52]} {[%emt 00:00:41]} 18. a5 {[%clk 01:00:58]} {[%emt 00:01:31]} f6
{[%clk 01:11:51]} {[%emt 00:01:31]} 19. Re6 {[%clk 00:59:53]} {[%emt 00:01:35]}
b5 {[%clk 01:11:12]} {[%emt 00:01:09]} 20. Bd2 {[%clk 00:51:33]} {[%emt
00:08:50]} Kd7 {[%clk 01:08:21]} {[%emt 00:03:21]} 21. Re4 {[%clk 00:50:54]}
{[%emt 00:01:07]} Nd5 {[%clk 01:07:54]} {[%emt 00:00:58]} 22. Ra1 {[%clk
00:49:47]} {[%emt 00:01:38]} Bd6 {[%clk 01:07:48]} {[%emt 00:00:36]} 23. f5
{[%clk 00:49:04]} {[%emt 00:01:12]} Rae8 {[%clk 01:07:44]} {[%emt 00:00:33]}
24. Rg4 {[%clk 00:47:26]} {[%emt 00:02:10]} Rhg8 {[%clk 01:07:06]} {[%emt
00:01:08]} 25. Rc1 {[%clk 00:45:28]} {[%emt 00:02:25]} Re2 {[%clk 01:05:44]}
{[%emt 00:01:54]} 26. Rg2 {[%clk 00:44:04]} {[%emt 00:01:52]} Rxg2+ {[%clk
01:05:51]} {[%emt 00:00:26]} 27. Kxg2 {[%clk 00:42:05]} {[%emt 00:02:28]} Bf4
{[%clk 01:05:47]} {[%emt 00:00:34]} 28. Bxf4 {[%clk 00:40:54]} {[%emt
00:01:41]} Nxf4+ {[%clk 01:06:11]} {[%emt 00:00:07]} 29. Kf2 {[%clk 00:40:47]}
{[%emt 00:00:36]} Re8 {[%clk 01:06:04]} {[%emt 00:00:37]} 30. h4 {[%clk
00:39:36]} {[%emt 00:01:42]} Re5 {[%clk 01:05:26]} {[%emt 00:01:08]} 31. Kf1
{[%clk 00:36:11]} {[%emt 00:03:54]} Rxf5 {[%clk 01:05:08]} {[%emt 00:00:49]}
32. Re1 {[%clk 00:34:25]} {[%emt 00:02:10]} Re5 {[%clk 01:05:03]} {[%emt
00:00:41]} 33. Rxe5 {[%clk 00:34:45]} {[%emt 00:00:10]} fxe5 {[%clk 01:05:21]}
{[%emt 00:00:12]} 34. Kf2 {[%clk 00:34:54]} {[%emt 00:00:20]} Nd5 {[%clk
01:02:50]} {[%emt 00:03:02]} 35. Ke2 {[%clk 00:33:42]} {[%emt 00:01:41]} b4
{[%clk 01:02:47]} {[%emt 00:00:34]} 36. Kf2 {[%clk 00:33:17]} {[%emt 00:00:54]}
Ne3 {[%clk 01:02:42]} {[%emt 00:00:35]} 37. c4 {[%clk 00:32:56]} {[%emt
00:00:51]} bxc3 {[%clk 01:02:40]} {[%emt 00:00:33]} 38. Ke1 {[%clk 00:32:46]}
{[%emt 00:00:40]} Ng2+ {[%clk 01:02:57]} {[%emt 00:00:13]} 39. Kd1 {[%clk
00:32:26]} {[%emt 00:00:50]} Nxh4 {[%emt 00:00:09]} 40. Ke2 {[%clk 00:32:27]}
{[%emt 00:00:27]} Nxf3 {[%clk 01:03:44]} {[%emt 00:00:06]} 41. Kxf3 {[%clk
00:31:53]} {[%emt 00:01:03]} c2 {[%clk 01:04:07]} {[%emt 00:00:08]} 42. b4
{[%clk 00:31:55]} {[%emt 00:00:28]} cxb4 {[%clk 01:04:31]} {[%emt 00:00:06]}
43. Ke4 {[%clk 00:32:07]} {[%emt 00:00:18]} c1=Q {[%clk 01:04:48]} {[%emt
00:00:13]} 44. Kd5 {[%clk 00:32:20]} {[%emt 00:00:16]} Qc6+ {[%clk 01:04:35]}
{[%emt 00:00:13]} 0-1

[Event "ODJM C 2024"]
[Site "Willingen GER"]
[Date "2024.05.22"]
[Round "5"]
[White "Kulgemeyer, Justus"]
[Black "Polster, Martha"]
[Result "0-1"]
[Termination "normal"]
[Board "3"]
[WhiteElo "1243"]
[BlackElo "1281"]
[WhiteClock "00:58:35"]
[BlackClock "01:03:01"]
[PlyCount "88"]
[WhiteFideId "34623671"]
[BlackFideId "34639845"]
[EventCountry "GER"]
[EventRounds "9"]
[EventType "swiss"]
[EventDate "2024.05.18"]

1. d4 {[%clk 01:30:57]} {[%emt 00:00:02]} d5 {[%clk 01:30:57]} {[%emt
00:00:03]} 2. Nc3 {[%clk 01:31:23]} {[%emt 00:00:05]} Nf6 {[%clk 01:31:21]}
{[%emt 00:00:06]} 3. Bf4 {[%clk 01:31:51]} {[%emt 00:00:02]} a6 {[%clk
01:31:38]} {[%emt 00:00:13]} 4. e3 {[%clk 01:32:17]} {[%emt 00:00:04]} b5
{[%clk 01:31:56]} {[%emt 00:00:12]} 5. Bd3 {[%clk 01:32:14]} {[%emt 00:00:33]}
e6 {[%clk 01:32:11]} {[%emt 00:00:14]} 6. Nf3 {[%clk 01:32:36]} {[%emt
00:00:09]} c5 {[%clk 01:32:25]} {[%emt 00:00:16]} 7. O-O {[%clk 01:32:19]}
{[%emt 00:00:47]} Bb7 {[%clk 01:32:44]} {[%emt 00:00:10]} 8. Re1 {[%clk
01:32:31]} {[%emt 00:00:18]} Nbd7 {[%clk 01:31:33]} {[%emt 00:01:40]} 9. b3
{[%clk 01:32:32]} {[%emt 00:00:30]} c4 {[%clk 01:29:58]} {[%emt 00:02:06]} 10.
bxc4 {[%clk 01:32:07]} {[%emt 00:00:57]} Bb4 {[%clk 01:28:07]} {[%emt
00:02:17]} 11. Nxd5 {[%clk 01:26:04]} {[%emt 00:06:35]} exd5 {[%clk 01:26:17]}
{[%emt 00:02:20]} 12. Re2 {[%clk 01:24:02]} {[%emt 00:02:32]} bxc4 {[%clk
01:24:29]} {[%emt 00:02:18]} 13. Bf5 {[%clk 01:23:53]} {[%emt 00:00:39]} Bc6
{[%clk 01:22:30]} {[%emt 00:02:21]} 14. a3 {[%clk 01:22:45]} {[%emt 00:01:46]}
Ba5 {[%clk 01:21:58]} {[%emt 00:00:55]} 15. Nd2 {[%clk 01:18:43]} {[%emt
00:04:39]} O-O {[%clk 01:20:50]} {[%emt 00:01:37]} 16. e4 {[%clk 01:15:27]}
{[%emt 00:03:46]} Bxd2 {[%clk 01:19:06]} {[%emt 00:02:14]} 17. Qxd2 {[%clk
01:13:00]} {[%emt 00:02:57]} Nxe4 {[%clk 01:18:38]} {[%emt 00:00:57]} 18. Qe3
{[%clk 01:12:50]} {[%emt 00:00:41]} Qf6 {[%clk 01:15:50]} {[%emt 00:03:14]} 19.
Qh3 {[%clk 01:12:27]} {[%emt 00:00:57]} g6 {[%clk 01:14:41]} {[%emt 00:01:35]}
20. Bh6 {[%clk 01:10:11]} {[%emt 00:02:50]} Qxf5 {[%clk 01:11:04]} {[%emt
00:04:07]} 21. Qxf5 {[%clk 01:10:18]} {[%emt 00:00:23]} gxf5 {[%clk 01:11:25]}
{[%emt 00:00:09]} 22. Bxf8 {[%clk 01:10:31]} {[%emt 00:00:17]} Nxf8 {[%clk
01:10:30]} {[%emt 00:01:25]} 23. Re3 {[%clk 01:10:16]} {[%emt 00:00:46]} Rb8
{[%clk 01:09:23]} {[%emt 00:01:33]} 24. f3 {[%clk 01:10:03]} {[%emt 00:00:46]}
Nd6 {[%clk 01:08:50]} {[%emt 00:00:57]} 25. Rae1 {[%clk 01:07:56]} {[%emt
00:02:43]} Ne6 {[%clk 01:08:30]} {[%emt 00:00:50]} 26. c3 {[%clk 01:07:41]}
{[%emt 00:00:45]} Rb3 {[%clk 01:08:39]} {[%emt 00:00:18]} 27. Ra1 {[%clk
01:05:52]} {[%emt 00:02:23]} Nxd4 {[%clk 01:07:48]} {[%emt 00:01:19]} 28. a4
{[%clk 01:05:31]} {[%emt 00:00:52]} Rxc3 {[%clk 01:07:51]} {[%emt 00:00:28]}
29. Rxc3 {[%clk 01:01:47]} {[%emt 00:04:14]} Ne2+ {[%clk 01:08:14]} {[%emt
00:00:06]} 30. Kf2 {[%clk 01:01:49]} {[%emt 00:00:28]} Nxc3 {[%clk 01:08:38]}
{[%emt 00:00:07]} 31. a5 {[%clk 01:01:42]} {[%emt 00:00:37]} d4 {[%clk
01:06:59]} {[%emt 00:02:08]} 32. Ke1 {[%clk 01:01:10]} {[%emt 00:01:02]} Bb5
{[%clk 01:06:34]} {[%emt 00:00:47]} 33. Kd2 {[%clk 01:00:46]} {[%emt 00:01:02]}
Nd5 {[%clk 01:06:04]} {[%emt 00:00:58]} 34. g4 {[%clk 01:00:14]} {[%emt
00:01:03]} d3 {[%clk 01:04:48]} {[%emt 00:01:47]} 35. gxf5 {[%clk 01:00:38]}
{[%emt 00:00:07]} Nxf5 {[%clk 01:04:49]} {[%emt 00:00:28]} 36. f4 {[%clk
01:00:07]} {[%emt 00:01:01]} c3+ {[%clk 01:04:52]} {[%emt 00:00:26]} 37. Kc1
{[%clk 00:59:39]} {[%emt 00:00:59]} d2+ {[%clk 01:05:01]} {[%emt 00:00:20]} 38.
Kc2 {[%clk 00:58:40]} {[%emt 00:01:30]} Nfe3+ {[%clk 01:05:19]} {[%emt
00:00:12]} 39. Kb3 {[%clk 00:58:44]} {[%emt 00:00:27]} c2 {[%clk 01:04:11]}
{[%emt 00:01:34]} 40. Rg1+ {[%clk 00:59:05]} {[%emt 00:00:12]} Kf8 {[%clk
01:04:30]} {[%emt 00:00:09]} 41. Kb2 {[%clk 00:57:53]} {[%emt 00:01:45]} d1=Q
{[%emt 00:00:26]} 42. Kb3 {[%emt 00:00:31]} Qxg1 {[%clk 01:02:35]} {[%emt
00:01:27]} 43. f5 {[%clk 00:58:15]} {[%emt 00:00:08]} Qb1+ {[%clk 01:02:43]}
{[%emt 00:00:21]} 44. Ka3 {[%clk 00:58:35]} {[%emt 00:00:11]} Nc4# {[%clk
01:03:01]} {[%emt 00:00:11]} 0-1

[Event "ODJM C 2024"]
[Site "Willingen GER"]
[Date "2024.05.22"]
[Round "5"]
[White "von Gehlen, Samuel"]
[Black "Döscher, Rasmus"]
[Result "1-0"]
[Termination "normal"]
[Board "4"]
[WhiteElo "1510"]
[BlackElo "1503"]
[WhiteClock "01:07:05"]
[BlackClock "00:40:29"]
[PlyCount "81"]
[WhiteFideId "34651551"]
[BlackFideId "34625038"]
[EventCountry "GER"]
[EventRounds "9"]
[EventType "swiss"]
[EventDate "2024.05.18"]

1. e4 {[%clk 01:30:26]} {[%emt 00:00:33]} e5 {[%clk 01:30:38]} {[%emt
00:00:23]} 2. Nc3 {[%clk 01:30:07]} {[%emt 00:00:50]} Nf6 {[%clk 01:30:42]}
{[%emt 00:00:25]} 3. f4 {[%clk 01:30:10]} {[%emt 00:00:27]} d5 {[%clk
01:29:28]} {[%emt 00:01:45]} 4. fxe5 {[%clk 01:30:20]} {[%emt 00:00:19]} Nxe4
{[%clk 01:29:18]} {[%emt 00:00:40]} 5. Qf3 {[%clk 01:30:32]} {[%emt 00:00:17]}
f5 {[%clk 01:29:00]} {[%emt 00:00:48]} 6. d4 {[%clk 01:28:43]} {[%emt
00:02:20]} Nc6 {[%clk 01:27:19]} {[%emt 00:02:12]} 7. Nge2 {[%clk 01:28:02]}
{[%emt 00:01:10]} g6 {[%clk 01:26:08]} {[%emt 00:01:41]} 8. Bf4 {[%clk
01:26:58]} {[%emt 00:01:32]} Bg7 {[%clk 01:25:26]} {[%emt 00:01:14]} 9. Nb5
{[%clk 01:26:24]} {[%emt 00:01:03]} a6 {[%clk 01:24:37]} {[%emt 00:01:21]} 10.
Nbc3 {[%clk 01:25:45]} {[%emt 00:01:08]} O-O {[%clk 01:24:21]} {[%emt
00:00:46]} 11. O-O-O {[%clk 01:26:09]} {[%emt 00:00:05]} Be6 {[%clk 01:18:19]}
{[%emt 00:06:33]} 12. h4 {[%clk 01:26:17]} {[%emt 00:00:20]} h6 {[%clk
01:14:59]} {[%emt 00:03:53]} 13. Nxe4 {[%clk 01:24:49]} {[%emt 00:01:57]} dxe4
{[%clk 01:11:32]} {[%emt 00:03:57]} 14. Qe3 {[%clk 01:24:29]} {[%emt 00:00:50]}
Nb4 {[%clk 01:06:17]} {[%emt 00:05:46]} 15. a3 {[%clk 01:23:58]} {[%emt
00:01:01]} Nd5 {[%clk 01:06:25]} {[%emt 00:00:22]} 16. Qd2 {[%clk 01:23:39]}
{[%emt 00:00:48]} Rc8 {[%clk 01:04:23]} {[%emt 00:02:32]} 17. Bxh6 {[%clk
01:23:44]} {[%emt 00:00:24]} c5 {[%clk 01:01:56]} {[%emt 00:02:58]} 18. Bxg7
{[%clk 01:22:49]} {[%emt 00:01:25]} Kxg7 {[%clk 01:02:13]} {[%emt 00:00:12]}
19. Nf4 {[%clk 01:23:07]} {[%emt 00:00:07]} Nxf4 {[%clk 01:02:13]} {[%emt
00:00:36]} 20. Qxf4 {[%clk 01:22:23]} {[%emt 00:01:14]} cxd4 {[%clk 01:02:03]}
{[%emt 00:00:40]} 21. h5 {[%clk 01:21:42]} {[%emt 00:01:08]} Rh8 {[%clk
01:02:11]} {[%emt 00:00:25]} 22. h6+ {[%clk 01:21:20]} {[%emt 00:00:52]} Kh7
{[%clk 01:02:25]} {[%emt 00:00:15]} 23. c3 {[%clk 01:20:12]} {[%emt 00:01:37]}
Qb6 {[%clk 01:01:24]} {[%emt 00:01:33]} 24. Qg5 {[%clk 01:19:30]} {[%emt
00:01:10]} Rc7 {[%clk 01:00:35]} {[%emt 00:01:21]} 25. c4 {[%clk 01:17:57]}
{[%emt 00:02:01]} Bxc4 {[%clk 00:59:58]} {[%emt 00:01:09]} 26. Bxc4 {[%clk
01:17:58]} {[%emt 00:00:29]} Rxc4+ {[%clk 01:00:19]} {[%emt 00:00:09]} 27. Kb1
{[%clk 01:18:22]} {[%emt 00:00:06]} Re8 {[%clk 00:57:55]} {[%emt 00:02:53]} 28.
Rdf1 {[%clk 01:12:36]} {[%emt 00:06:15]} Qc7 {[%clk 00:55:01]} {[%emt
00:03:26]} 29. Qf6 {[%clk 01:10:19]} {[%emt 00:02:47]} Qxe5 {[%clk 00:53:52]}
{[%emt 00:01:39]} 30. Qf7+ {[%clk 01:09:57]} {[%emt 00:00:44]} Kh8 {[%clk
00:54:18]} {[%emt 00:00:13]} 31. Qxc4 {[%clk 01:09:55]} {[%emt 00:00:32]} e3
{[%clk 00:53:54]} {[%emt 00:00:54]} 32. Qd3 {[%clk 01:09:50]} {[%emt 00:00:34]}
e2 {[%clk 00:53:52]} {[%emt 00:00:32]} 33. Re1 {[%clk 01:09:33]} {[%emt
00:00:44]} Qe4 {[%clk 00:47:41]} {[%emt 00:06:44]} 34. Qxe4 {[%clk 01:07:13]}
{[%emt 00:02:49]} Rxe4 {[%clk 00:47:58]} {[%emt 00:00:13]} 35. Kc2 {[%clk
01:07:28]} {[%emt 00:00:16]} Re8 {[%clk 00:42:03]} {[%emt 00:06:25]} 36. Kd3
{[%clk 01:07:38]} {[%emt 00:00:20]} f4 {[%clk 00:41:40]} {[%emt 00:00:54]} 37.
Rxe2 {[%clk 01:07:57]} {[%emt 00:00:10]} Rf8 {[%clk 00:40:35]} {[%emt
00:01:35]} 38. Rhe1 {[%clk 01:07:37]} {[%emt 00:00:49]} f3 {[%clk 00:40:10]}
{[%emt 00:00:56]} 39. Re8 {[%clk 01:06:48]} {[%emt 00:01:19]} fxg2 {[%clk
00:40:01]} {[%emt 00:00:38]} 40. Rxf8+ {[%clk 01:07:01]} {[%emt 00:00:17]} Kh7
{[%clk 00:40:29]} {[%emt 00:00:03]} 41. Rg1 {[%clk 01:07:05]} {[%emt 00:00:25]}
1-0

[Event "ODJM C 2024"]
[Site "Willingen GER"]
[Date "2024.05.22"]
[Round "5"]
[White "Luible, Sebastian"]
[Black "Lang, Samuel"]
[Result "1/2-1/2"]
[Termination "normal"]
[Board "5"]
[WhiteElo "1181"]
[BlackElo "1268"]
[WhiteClock "00:15:38"]
[BlackClock "01:06:16"]
[PlyCount "73"]
[WhiteFideId "533001944"]
[BlackFideId "34660526"]
[EventCountry "GER"]
[EventRounds "9"]
[EventType "swiss"]
[EventDate "2024.05.18"]

1. e4 {[%clk 01:30:59]} {[%emt 00:00:01]} c5 {[%clk 01:30:50]} {[%emt
00:00:10]} 2. Nf3 {[%clk 01:31:23]} {[%emt 00:00:06]} e6 {[%clk 01:31:12]}
{[%emt 00:00:08]} 3. d4 {[%clk 01:31:43]} {[%emt 00:00:10]} cxd4 {[%clk
01:31:37]} {[%emt 00:00:05]} 4. Nxd4 {[%clk 01:32:08]} {[%emt 00:00:04]} a6
{[%emt 00:00:43]} 5. c4 {[%clk 01:32:02]} d5 {[%clk 01:30:19]} {[%emt
00:02:11]} 6. exd5 {[%clk 01:31:02]} {[%emt 00:01:31]} exd5 {[%clk 01:30:43]}
{[%emt 00:00:07]} 7. Nc3 {[%clk 01:28:46]} {[%emt 00:03:09]} Nf6 {[%clk
01:30:41]} {[%emt 00:00:08]} 8. Be3 {[%clk 01:28:52]} {[%emt 00:00:24]} Be7
{[%clk 01:29:37]} {[%emt 00:01:34]} 9. f3 {[%clk 01:29:05]} {[%emt 00:00:17]}
O-O {[%clk 01:29:07]} {[%emt 00:01:00]} 10. Be2 {[%clk 01:28:59]} {[%emt
00:00:35]} Re8 {[%clk 01:28:19]} {[%emt 00:01:18]} 11. O-O {[%clk 01:28:43]}
{[%emt 00:00:47]} Bc5 {[%clk 01:28:19]} {[%emt 00:00:30]} 12. Bf2 {[%clk
01:27:40]} {[%emt 00:01:31]} Be6 {[%clk 01:23:11]} {[%emt 00:05:41]} 13. cxd5
{[%clk 01:23:47]} {[%emt 00:04:22]} Nxd5 {[%clk 01:23:03]} {[%emt 00:00:37]}
14. Nxe6 {[%clk 01:21:52]} {[%emt 00:02:25]} Bxf2+ {[%clk 01:20:12]} {[%emt
00:03:22]} 15. Rxf2 {[%clk 01:19:55]} {[%emt 00:02:27]} fxe6 {[%clk 01:19:31]}
{[%emt 00:01:11]} 16. Bc4 {[%clk 01:15:53]} {[%emt 00:04:32]} Nxc3 {[%clk
01:19:12]} {[%emt 00:00:50]} 17. Qxd8 {[%clk 01:15:33]} {[%emt 00:00:49]} Rxd8
{[%clk 01:19:04]} {[%emt 00:00:38]} 18. Bxe6+ {[%clk 01:15:33]} {[%emt
00:00:31]} Kf8 {[%clk 01:19:29]} {[%emt 00:00:05]} 19. bxc3 {[%clk 01:15:44]}
{[%emt 00:00:19]} Nc6 {[%clk 01:19:42]} {[%emt 00:00:16]} 20. Bf5 {[%clk
01:12:05]} {[%emt 00:04:08]} g6 {[%clk 01:19:36]} {[%emt 00:00:38]} 21. Be4
{[%clk 01:12:22]} {[%emt 00:00:11]} Rac8 {[%clk 01:17:09]} {[%emt 00:02:58]}
22. Rb1 {[%clk 01:05:28]} {[%emt 00:07:24]} b5 {[%clk 01:17:26]} {[%emt
00:00:14]} 23. Rc2 {[%clk 01:01:09]} {[%emt 00:04:45]} Ne5 {[%clk 01:17:38]}
{[%emt 00:00:21]} 24. Bb7 {[%clk 00:59:11]} {[%emt 00:02:27]} Rc7 {[%clk
01:16:30]} {[%emt 00:01:39]} 25. Bxa6 {[%clk 00:55:05]} {[%emt 00:04:36]} Nc4
{[%clk 01:16:41]} {[%emt 00:00:19]} 26. Rb3 {[%clk 00:51:37]} {[%emt 00:03:58]}
Ne3 {[%clk 01:15:36]} {[%emt 00:01:35]} 27. Re2 {[%clk 00:46:23]} {[%emt
00:05:43]} Nd1 {[%clk 01:15:02]} {[%emt 00:01:05]} 28. Bxb5 {[%clk 00:41:21]}
{[%emt 00:05:31]} Nxc3 {[%clk 01:15:17]} {[%emt 00:00:16]} 29. Rf2 {[%clk
00:34:23]} {[%emt 00:07:20]} Nd1 {[%clk 01:12:53]} {[%emt 00:03:02]} 30. Rf1
{[%clk 00:31:58]} {[%emt 00:02:50]} Rc2 {[%clk 01:11:02]} {[%emt 00:02:26]} 31.
Rd3 {[%clk 00:30:19]} {[%emt 00:02:09]} Rxd3 {[%clk 01:10:08]} {[%emt
00:01:23]} 32. Bxd3 {[%clk 00:30:27]} {[%emt 00:00:23]} Rd2 {[%clk 01:10:19]}
{[%emt 00:00:19]} 33. Be4 {[%clk 00:24:17]} {[%emt 00:06:40]} Ne3 {[%clk
01:09:53]} {[%emt 00:00:56]} 34. Ra1 {[%clk 00:19:52]} {[%emt 00:04:56]} Nxg2
{[%clk 01:08:49]} {[%emt 00:01:33]} 35. a4 {[%clk 00:19:24]} {[%emt 00:00:58]}
Nf4 {[%clk 01:07:54]} {[%emt 00:01:25]} 36. a5 {[%clk 00:18:15]} {[%emt
00:01:39]} Nh3+ {[%clk 01:06:16]} {[%emt 00:02:08]} 37. Kf1 {[%clk 00:15:38]}
{[%emt 00:03:07]} 1/2-1/2